Представление документа в формате MARC21

Поле Инд. ПП Название Значение
Тип записи a
Библиографический уровень m
001 Контрольный номер UNIDUBNAdffeab25365f4c0fa5f46fc225b6b30f
005 Дата корректировки 20230413163157.5
008 Кодируемые данные 20230413
022 a ISSN 0204-0476
084 a Индекс другой классификации/Индекс ББК 95.1
090 a Полочн. индекс 95.1
099 a Индекс 32123
245 a Заглавие Аргументы и факты
c Ответственность учредитель: АО "Аргументы и факты"; гл. ред. И. А. Черняк
260 c Дата издания 2023
b Издательство Аргументы и факты
a Место издания М.
500 a Примечание Газета, выходит 1 раз в неделю
901 t Тип документа s
952 a Тип литературы для КСУ ВШ ГАЗ
991 s 26